| 000 | 00624nam a2200181 i 4500 | ||
|---|---|---|---|
| 001 | 134800 | ||
| 003 | ES-MaACL | ||
| 005 | 20230906194739.0 | ||
| 007 | t| | ||
| 008 | 070628m19131923sp e |||| | spa d | ||
| 100 | 1 |
_aThorpe, Edward. _9110155 |
|
| 245 | 1 | 0 |
_aEnciclopedia de química industrial / _cpor Edward Thorpe. |
| 260 |
_aBarcelona : _bLabor, _c[entre 1913 y 1923] |
||
| 300 |
_a6 v. ; _c24 cm. |
||
| 505 | 8 | _aContiene: v.I.-- A-Azul.-- v.II.-- Azuf-Cª.-- v. III.-- Ch-Gau.-- v.IV.-- Ge-M.-- v. V.-- N-Q.-- v. VI.-- R-Z | |
| 650 | 4 |
_aQuímica industrial- _vEnciclopedias. _9166067 |
|
| 852 |
_aES-MaACL _jB-4718-23 |
||
| 999 |
_c134800 _d134800 |
||